000 00581nam a2200217Ia 4500
003 OSt
005 20230606103742.0
008 210423s2013 xx 000 0 und d
020 _a978-81-8455-481-6
040 _cAL
041 _aeng
082 _a305.4 TRIW
100 _aTRIPATHI (S K)
_9119905
245 _aWomen marriage family culture and violence
260 _aNew Delhi
_bOmega Publications
_c2013
300 _av,288
_bHB
365 _b895
_cINR
650 _aWomen Studies
_9119906
906 _aculture ; family ; marriage ; violence ; Women
942 _2ddc
_cBK
999 _c176686
_d176686